Current anthropology
Αποθηκεύτηκε σε:
| Μορφή: | Περιοδική έκδοση |
|---|---|
| Γλώσσα: | English |
| Δημοσίευση: |
Chicago :
University of Chicago Press,
1960-
|
| Θέματα: | |
| Ετικέτες: |
Προσθήκη ετικέτας
Δεν υπάρχουν, Καταχωρήστε ετικέτα πρώτοι!
|
MARC
| LEADER | 00000nas a2200000 i 4500 | ||
|---|---|---|---|
| 001 | 1/34964 | ||
| 008 | 030402c19609999us r r 0 |eng|| | ||
| 022 | |a 0011-3204 | ||
| 035 | |l 10069797 | ||
| 040 | |a GR-MY-UA |b gre |e aacr | ||
| 041 | 0 | |a eng | |
| 082 | 0 | |a 306.05 |2 (21) | |
| 245 | 1 | 0 | |a Current anthropology |h [περιοδικό] |
| 260 | |a Chicago : |b University of Chicago Press, |c 1960- | ||
| 300 | |a v. ; |c 28 εκ. | ||
| 310 | |a 5 τεύχη το χρόνο, |b 1983- | ||
| 321 | |a 4 τεύχη το χρόνο, |b 1974-1980 | ||
| 500 | |a "Sponsored by The Wenner-Gren Foundation for Anthropological Research" | ||
| 650 | 0 | 0 | |a Anthropology |x Periodicals. |
| 853 | |a INST |b LESVOS |c SER |h 306/05 | ||
| 922 | |a 1ΕΛΗ |b 198601 |c ΤΜΗΜΑ ΚΟΙΝΩΝΙΚΗΣ ΑΝΘΡΩΠΟΛΟΓΙΑΣ |d ΕΛΕΥΘΕΡΟΥΔΑΚΗΣ | ||
| 970 | |a ΤΖΑΦΕΡΗ |b ΕΥΑΓΓΕΛΙΑ |z 2003/04/02 | ||